000 00732nam a2200289Ia 4500
005 20260324113107.0
008 008 260324s9999 xx 000 0 eng d
020 _a9781032712246
037 _aEBOOK
040 _aCRL
040 _beng
040 _cCRL
041 _2eng
041 _aeng
084 _qCRL
100 _aDavid Mhlanga; Mufaro Dzingirai
_91137844
245 0 _aResponsible Business and Sustainable Development
245 4 _bThe Use of Data and Metrics in the Global South
260 _bTaylor and Francis
260 _c2024
365 _a
365 _b230
856 _uhttp://www.taylorfrancis.com/books/9781032712246
942 _cEBOOK
999 _c1734867
_d1734867